Music Quiz

Random Music Quiz

Demi Lovato Body Say Lyrics Quiz Stats

Quiz not verified by Sporcle

Challenge
Share
Tweet
Embed
Score 0/299 Timer 10:00
1 Play Today
Answer % Correct
if
98.3%
my
98.3%
if
98.3%
my
98.3%
if
98.3%
my
98.3%
if
98.3%
my
98.3%
if
98.3%
my
98.3%
if
98.3%
my
98.3%
if
98.3%
my
98.3%
if
98.3%
my
98.3%
my
98.3%
if
98.3%
my
98.3%
if
98.3%
my
98.3%
my
98.3%
my
98.3%
my
98.3%
my
98.3%
body
97.8%
body
97.8%
body
97.8%
body
97.8%
body
97.8%
body
97.8%
body
97.8%
body
97.8%
you
97.2%
you
97.2%
you
97.2%
you
97.2%
you
97.2%
you
97.2%
you
97.2%
you
97.2%
you
97.2%
you
97.2%
you
97.2%
you
97.2%
you
97.2%
you
97.2%
say
97%
say
97%
say
97%
say
97%
say
97%
say
97%
say
97%
had
96.7%
had
96.7%
had
96.7%
had
96.7%
had
96.7%
had
96.7%
had
96.7%
had
96.7%
it
96.4%
it
96.4%
and
96.4%
a
96.4%
the
96.4%
and
96.4%
the
96.4%
it
96.4%
a
96.4%
the
96.4%
it
96.4%
the
96.4%
and
96.4%
it
96.4%
a
96.4%
it
96.4%
the
96.4%
and
96.4%
the
96.4%
it
96.4%
a
96.4%
the
96.4%
the
96.4%
the
96.4%
it
96.4%
take
95.3%
take
95.3%
take
95.3%
take
95.3%
take
95.3%
way
95%
way
95%
way
95%
way
95%
way
95%
way
95%
would
94.5%
would
94.5%
Answer % Correct
would
94.5%
do
94.5%
would
94.5%
do
94.5%
would
94.5%
would
94.5%
do
94.5%
would
94.5%
do
94.5%
do
94.5%
to
92%
to
92%
to
92%
to
92%
to
92%
me
91.4%
me
91.4%
me
91.4%
me
91.4%
me
91.4%
me
91.4%
me
91.4%
me
91.4%
down
90.9%
touch
90.3%
touch
90.3%
touch
90.3%
touch
90.3%
touch
90.3%
make
90%
want
90%
make
90%
want
90%
make
90%
want
90%
make
90%
want
90%
make
90%
I
89.5%
I
89.5%
I
89.5%
I
89.5%
I
89.5%
I
89.5%
I
89.5%
I
89.5%
I
89.5%
I
89.5%
I
89.5%
I
89.5%
I
89.5%
I
89.5%
I
89.5%
I
89.5%
I
89.5%
I
89.5%
sex
89.2%
sex
89.2%
turn
88.9%
your
88.9%
turn
88.9%
your
88.9%
turn
88.9%
baby
88.4%
baby
88.4%
baby
88.4%
baby
88.4%
baby
88.4%
sweat
87.8%
sweat
87.8%
sweat
87.8%
can
86.7%
hands
86.7%
can
86.7%
hands
86.7%
can
86.7%
can
86.7%
hands
86.7%
cause
86.4%
cause
86.4%
cause
86.4%
what
85.9%
what
85.9%
what
85.9%
what
85.9%
what
85.9%
up
85.6%
up
85.6%
up
85.6%
there
85.3%
there
85.3%
with
85%
with
85%
with
85%
slow
84.8%
slow
84.8%
slow
84.8%
out
83.1%
speed
83.1%
speed
83.1%
Answer % Correct
speed
83.1%
taste
82.8%
taste
82.8%
room
82%
room
82%
eyes
80.9%
eyes
80.9%
across
80.6%
across
80.6%
away
80.3%
away
80.3%
wouldnt
80.1%
love
80.1%
deep
80.1%
wouldnt
80.1%
love
80.1%
only
79.5%
only
79.5%
only
79.5%
I'm
79.2%
thing
78.9%
show
78.9%
thing
78.9%
show
78.9%
show
78.9%
thing
78.9%
one
78.7%
one
78.7%
one
78.7%
of
78.1%
just
77.6%
just
77.6%
come
77%
our
77%
get
77%
our
77%
theres
76.7%
for
76.7%
truth
76.7%
theres
76.7%
for
76.7%
truth
76.7%
theres
76.7%
for
76.7%
again
76.5%
us
76.5%
us
76.5%
us
76.5%
dreamland
76.2%
dress
76.2%
dreamland
76.2%
dreamland
76.2%
left
75.9%
left
75.9%
left
75.9%
this
75.6%
in
75.6%
in
75.6%
are
75.3%
all
75.3%
are
75.3%
paths
75.1%
paths
75.1%
lead
74.8%
red
74.8%
underneath
74.5%
lace
73.4%
told
73.1%
told
73.1%
cant
72.6%
cant
72.6%
might
72.3%
edge
72%
mind
72%
mind
72%
at
71.7%
is
71.2%
is
71.2%
scared
69.8%
crossing
69.8%
crossing
69.8%
getting
69.8%
getting
69.8%
feel
69%
feel
69%
anyway
66.5%
anyway
66.5%
anyway
66.5%
anyway
66.5%
off
65.9%
tell
65.9%
tell
65.9%
chest
65.7%
id
64.5%
oh
62.9%
imma
60.4%
imma
60.4%
imma
60.4%
imma
60.4%

You're not logged in!

Compare scores with friends on all Sporcle quizzes.
Sign Up with Email
OR
Log In

You Might Also Like...

Show Comments

Extras

Top Quizzes Today


Score Distribution

Your Account Isn't Verified!

In order to create a playlist on Sporcle, you need to verify the email address you used during registration. Go to your Sporcle Settings to finish the process.